00861nam a22001937a 450000500170000000800410001702000150005805000220007324501750009525000110027026000930028130000280037449000370040250400390043965000600047865000470053870000400058570000420062520240823134452.0 | ag d|||gr 00| 0 spa|d a987942318604aHB97.3 bO87 200403aLa otra economía c / Antonio David Cattani (organizador) ; traducción a cargo de Lucimeire Vergilio Leite ; revisión de la edición en español Susana Hintze].  a1a ed. aBuenos Aires, Argentina :bAltamira : bUniversidad Nacional de General Sarmiento,c2004 a441 p. :bil. ;c22 cm.0 aLecturas sobre economía social aIncluye bibliografías e índice 4aEconomía evolutivavDiscursos, ensayos, conferencias  4aDesarrollo económico xAspectos sociales1 aCattani, Antonio Davidecolaborador1 aVergilio Leite, Lucimeire,etraductor